[Event "World Chess Olympiad 2018"]
[Site "Batumi"]
[Date "2018.09.27"]
[Round "4"]
[Board "2"]
[WhiteFideId "7400330"]
[White "Lorne Ras Malaku"]
[BlackFideId "14300133"]
[Black "Klaasen Calvin John"]
[Result "1/2-1/2"]
[LiveChessVersion "1.4.8"]
[BlackElo "2262"]
[WhiteElo "2161"]

1. d4 {[%clk 1:30:52]} g6 {[%clk 1:30:31]} 2. e4 {[%clk 1:30:41]} Bg7
{[%clk 1:30:56]} 3. g3 {[%clk 1:23:27]} d6 {[%clk 1:30:32]} 4. Bg2
{[%clk 1:23:09]} Nf6 {[%clk 1:30:31]} 5. Ne2 {[%clk 1:23:11]} O-O
{[%clk 1:30:48]} 6. O-O {[%clk 1:23:19]} e5 {[%clk 1:30:44]} 7. Nbc3
{[%clk 1:19:14]} c6 {[%clk 1:31:01]} 8. h3 {[%clk 1:15:17]} b5 {[%clk 1:30:07]}
9. a3 {[%clk 1:13:02]} Bb7 {[%clk 1:29:57]} 10. Be3 {[%clk 1:11:57]} Nbd7
{[%clk 1:28:57]} 11. f4 {[%clk 1:08:19]} exd4 {[%clk 1:11:58]} 12. Bxd4
{[%clk 1:03:48]} Re8 {[%clk 1:06:55]} 13. g4 {[%clk 0:57:21]} c5 {[%clk 0:54:06]}
14. Bxf6 {[%clk 0:51:47]} Nxf6 {[%clk 0:54:19]} 15. Nxb5 {[%clk 0:35:28]} Nxe4
{[%clk 0:54:37]} 16. c4 {[%clk 0:18:05]} a6 {[%clk 0:42:34]} 17. Nbc3
{[%clk 0:16:38]} Nxc3 {[%clk 0:41:48]} 18. bxc3 {[%clk 0:12:51]} Bxg2
{[%clk 0:41:40]} 19. Kxg2 {[%clk 0:13:16]} Rb8 {[%clk 0:41:37]} 20. Ra2
{[%clk 0:11:43]} Qe7 {[%clk 0:27:23]} 21. Qd3 {[%clk 0:09:56]} Qe4+
{[%clk 0:22:08]} 22. Rf3 {[%clk 0:09:55]} Rb3 {[%clk 0:17:59]} 23. a4
{[%clk 0:06:17]} a5 {[%clk 0:08:45]} 24. Rd2 {[%clk 0:03:57]} Qc6
{[%clk 0:07:16]} 25. f5 {[%clk 0:03:43]} Bh6 {[%clk 0:05:39]} 26. fxg6
{[%clk 0:03:13]} hxg6 {[%clk 0:05:49]} 27. Rc2 {[%clk 0:02:50]} Re3
{[%clk 0:05:02]} 28. Qd5 {[%clk 0:03:11]} Qxd5 {[%clk 0:05:14]} 29. cxd5
{[%clk 0:03:36]} Re4 {[%clk 0:05:23]} 30. Ra2 {[%clk 0:03:15]} Bg7
{[%clk 0:04:33]} 31. Kf2 {[%clk 0:03:15]} Be5 {[%clk 0:02:26]} 32. Rd3
{[%clk 0:02:15]} c4 {[%clk 0:02:24]} 33. Re3 {[%clk 0:00:55]} Rxe3
{[%clk 0:02:07]} 34. Kxe3 {[%clk 0:01:24]} Bxc3 {[%clk 0:02:17]} 35. Nxc3
{[%clk 0:01:27]} Rxc3+ {[%clk 0:02:45]} 36. Kd4 {[%clk 0:01:52]} Rxh3
{[%clk 0:02:59]} 37. Kxc4 {[%clk 0:02:13]} Rg3 {[%clk 0:02:53]} 38. Kb5
{[%clk 0:02:30]} Rxg4 {[%clk 0:03:15]} 39. Kxa5 {[%clk 0:02:48]} Rd4
{[%clk 0:02:40]} 40. Kb6 {[%clk 0:32:50]} Rxd5 {[%clk 0:31:56]} 41. a5
{[%clk 0:33:09]} Re5 {[%clk 0:28:52]} 42. a6 {[%clk 0:33:05]} Re8
{[%clk 0:28:42]} 43. a7 {[%clk 0:32:45]} f5 {[%clk 0:29:02]} 44. a8=Q
{[%clk 0:32:38]} Rxa8 {[%clk 0:29:29]} 45. Rxa8+ {[%clk 0:33:01]} Kf7
{[%clk 0:29:57]} 46. Kc6 {[%clk 0:33:17]} Ke6 {[%clk 0:23:39]} 47. Re8+
{[%clk 0:33:31]} Kf6 {[%clk 0:24:03]} 48. Kxd6 {[%clk 0:33:53]} Kg5
{[%clk 0:24:19]} 49. Ke5 {[%clk 0:34:04]} Kg4 {[%clk 0:24:08]} 50. Rf8
{[%clk 0:34:18]} Kf3 {[%clk 0:23:35]} 51. Rf6 {[%clk 0:31:25]} Ke3
{[%clk 0:23:49]} 52. Rxg6 {[%clk 0:31:48]} f4 {[%clk 0:24:14]} 53. Ra6
{[%clk 0:22:51]} f3 {[%clk 0:24:32]} 54. Ra3+ {[%clk 0:07:38]} Ke2
{[%clk 0:24:47]} 55. Ke4 {[%clk 0:08:00]} f2 {[%clk 0:25:12]} 56. Ra2+
{[%clk 0:08:22]} Ke1 {[%clk 0:25:35]} 57. Ke3 {[%clk 0:08:39]} f1=N+
{[%clk 0:25:47]} 58. Kd3 {[%clk 0:09:02]} Ng3 {[%clk 0:26:04]} 59. Rg2
{[%clk 0:09:00]} Nf1 {[%clk 0:25:36]} 60. Re2+ {[%clk 0:07:38]} Kd1
{[%clk 0:25:58]} 61. Re8 {[%clk 0:07:10]} Ng3 {[%clk 0:24:31]} 62. Ke3
{[%clk 0:05:26]} Nf1+ {[%clk 0:24:26]} 63. Kf2 {[%clk 0:05:29]} Nd2
{[%clk 0:24:25]} 64. Rc8 {[%clk 0:05:31]} Nb3 {[%clk 0:23:02]} 65. Ke3
{[%clk 0:05:25]} Nc1 {[%clk 0:22:39]} 66. Rc3 {[%clk 0:04:30]} Ne2
{[%clk 0:21:32]} 67. Rd3+ {[%clk 0:02:48]} Ke1 {[%clk 0:20:45]} 68. Rd2
{[%clk 0:01:26]} Ng3 {[%clk 0:19:55]} 69. Rg2 {[%clk 0:00:59]} Nf1+
{[%clk 0:19:46]} 70. Kd3 {[%clk 0:01:20]} Kd1 {[%clk 0:19:58]} 71. Rf2
{[%clk 0:00:57]} Ke1 {[%clk 0:19:27]} 72. Re2+ {[%clk 0:00:57]} Kd1
{[%clk 0:19:45]} 73. Ra2 {[%clk 0:01:13]} Ke1 {[%clk 0:20:00]} 74. Rb2
{[%clk 0:01:26]} Ng3 {[%clk 0:19:32]} 75. Rh2 {[%clk 0:00:38]} Nf1
{[%clk 0:19:34]} 76. Rg2 {[%clk 0:00:54]} Kd1 {[%clk 0:19:54]} 77. Re2
{[%clk 0:01:10]} Ng3 {[%clk 0:19:45]} 78. Rf2 {[%clk 0:00:38]} Ke1
{[%clk 0:20:00]} 79. Rf3 {[%clk 0:00:37]} Nf1 {[%clk 0:19:56]} 80. Rf8
{[%clk 0:00:39]} Ng3 {[%clk 0:20:02]} 81. Rf7 {[%clk 0:00:49]} Nf1
{[%clk 0:20:11]} 82. Rf3 {[%clk 0:00:34]} Nd2 {[%clk 0:19:53]} 83. Re3+
{[%clk 0:00:42]} Kd1 {[%clk 0:20:18]} 84. Re7 {[%clk 0:00:48]} Nf3
{[%clk 0:20:18]} 85. Ke3 {[%clk 0:00:38]} Ne1 {[%clk 0:20:13]} 86. Rc7
{[%clk 0:00:35]} Nc2+ {[%clk 0:20:32]} 87. Kd3 {[%clk 0:00:44]} Ne1+
{[%clk 0:21:01]} 88. Kc3 {[%clk 0:00:32]} Ke2 {[%clk 0:21:17]} 89. Re7+
{[%clk 0:00:50]} Kf2 {[%clk 0:21:34]} 90. Rf7+ {[%clk 0:01:05]} Ke2
{[%clk 0:21:50]} 91. Rf8 {[%clk 0:01:23]} Nf3 {[%clk 0:21:53]} 92. Re8+
{[%clk 0:01:35]} Kf2 {[%clk 0:22:13]} 93. Kd3 {[%clk 0:01:54]} Ne1+
{[%clk 0:21:58]} 94. Ke4 {[%clk 0:02:18]} Ke2 {[%clk 0:22:15]} 95. Rd8
{[%clk 0:02:30]} Nf3 {[%clk 0:22:19]} 96. Rd3 {[%clk 0:02:14]} Nd2+
{[%clk 0:21:10]} 97. Kd4 {[%clk 0:02:35]} Nf3+ {[%clk 0:21:29]} 98. Kc3
{[%clk 0:02:56]} Ne1 {[%clk 0:21:43]} 99. Rh3 {[%clk 0:03:02]} Nf3
{[%clk 0:22:04]} 100. Rxf3 {[%clk 0:03:06]} 1/2-1/2

[Event "World Chess Olympiad 2018"]
[Site "Batumi"]
[Date "2018.09.27"]
[Round "4"]
[Board "3"]
[WhiteFideId "14300702"]
[White "Mabusela Johannes Manyedi"]
[BlackFideId "7400268"]
[Black "Rowe Duane"]
[Result "1/2-1/2"]
[LiveChessVersion "1.4.8"]
[BlackElo "2147"]
[WhiteElo "2245"]

1. d4 {[%clk 1:30:52]} Nf6 {[%clk 1:30:55]} 2. c4 {[%clk 1:30:54]} c5
{[%clk 1:31:18]} 3. d5 {[%clk 1:31:01]} e6 {[%clk 1:31:42]} 4. Nc3
{[%clk 1:31:25]} exd5 {[%clk 1:31:49]} 5. cxd5 {[%clk 1:31:49]} d6
{[%clk 1:32:13]} 6. Nf3 {[%clk 1:31:12]} g6 {[%clk 1:32:37]} 7. Nd2
{[%clk 1:30:59]} a6 {[%clk 1:29:30]} 8. a4 {[%clk 1:31:07]} Nbd7 {[%clk 1:29:22]}
9. e4 {[%clk 1:30:57]} Bg7 {[%clk 1:29:42]} 10. Be2 {[%clk 1:31:18]} O-O
{[%clk 1:29:48]} 11. O-O {[%clk 1:31:44]} Re8 {[%clk 1:21:48]} 12. f4
{[%clk 1:30:40]} Rb8 {[%clk 1:20:05]} 13. Kh1 {[%clk 1:29:08]} h5
{[%clk 1:07:43]} 14. Qc2 {[%clk 1:16:44]} Ng4 {[%clk 0:58:25]} 15. Nf3
{[%clk 1:13:49]} Bd4 {[%clk 0:46:52]} 16. Nd1 {[%clk 1:06:15]} Bg7
{[%clk 0:38:26]} 17. h3 {[%clk 0:51:19]} Ndf6 {[%clk 0:38:15]} 18. Nc3
{[%clk 0:45:50]} Nh6 {[%clk 0:36:07]} 19. Bd2 {[%clk 0:38:53]} b5
{[%clk 0:32:16]} 20. axb5 {[%clk 0:34:14]} axb5 {[%clk 0:32:41]} 21. Ng5
{[%clk 0:21:58]} b4 {[%clk 0:31:23]} 22. Nb5 {[%clk 0:22:05]} Nxd5
{[%clk 0:31:03]} 23. Qd3 {[%clk 0:22:00]} Rxb5 {[%clk 0:24:06]} 24. Qxb5
{[%clk 0:20:06]} Nc7 {[%clk 0:22:45]} 25. Qc6 {[%clk 0:19:33]} Nf5
{[%clk 0:08:21]} 26. exf5 {[%clk 0:19:13]} Rxe2 {[%clk 0:08:44]} 27. Ra7
{[%clk 0:16:57]} Re7 {[%clk 0:02:34]} 28. Re1 {[%clk 0:13:25]} Nd5
{[%clk 0:01:57]} 29. Raxe7 {[%clk 0:07:14]} Nxe7 {[%clk 0:02:16]} 30. Rxe7
{[%clk 0:07:33]} Qxe7 {[%clk 0:02:27]} 31. Qxc8+ {[%clk 0:07:59]} Qf8
{[%clk 0:01:33]} 32. Qxf8+ {[%clk 0:07:25]} Kxf8 {[%clk 0:01:56]} 33. fxg6
{[%clk 0:07:42]} Bxb2 {[%clk 0:02:20]} 34. Ne4 {[%clk 0:04:46]} fxg6
{[%clk 0:01:34]} 35. Nxd6 {[%clk 0:05:06]} Bc3 {[%clk 0:01:27]} 36. Ne4
{[%clk 0:04:33]} Bd4 {[%clk 0:01:42]} 37. g4 {[%clk 0:03:59]} 1/2-1/2

[Event "World Chess Olympiad 2018"]
[Site "Batumi"]
[Date "2018.09.27"]
[Round "4"]
[Board "4"]
[WhiteFideId "7400713"]
[White "Smith Shreyas"]
[BlackFideId "14300494"]
[Black "Van den Heever Donovan"]
[Result "0-1"]
[LiveChessVersion "1.4.8"]
[BlackElo "2227"]
[WhiteElo "2193"]

1. e4 {[%clk 1:30:53]} c5 {[%clk 1:30:51]} 2. Nf3 {[%clk 1:31:14]} d6
{[%clk 1:31:07]} 3. d4 {[%clk 1:31:36]} cxd4 {[%clk 1:31:33]} 4. Nxd4
{[%clk 1:32:00]} Nf6 {[%clk 1:31:57]} 5. Nc3 {[%clk 1:32:23]} Nc6
{[%clk 1:32:12]} 6. Bg5 {[%clk 1:32:17]} e6 {[%clk 1:16:38]} 7. Qd2
{[%clk 1:32:07]} a6 {[%clk 1:15:21]} 8. O-O-O {[%clk 1:31:30]} Bd7
{[%clk 1:15:38]} 9. f4 {[%clk 1:27:49]} b5 {[%clk 1:13:27]} 10. Bxf6
{[%clk 1:21:17]} gxf6 {[%clk 1:13:01]} 11. Kb1 {[%clk 1:18:34]} Qb6
{[%clk 1:07:04]} 12. Nxc6 {[%clk 1:09:23]} Bxc6 {[%clk 1:07:22]} 13. Qe2
{[%clk 1:09:42]} Ra7 {[%clk 0:56:30]} 14. Rd2 {[%clk 0:53:16]} h5
{[%clk 0:37:56]} 15. Qf3 {[%clk 0:50:58]} b4 {[%clk 0:29:32]} 16. Nd1
{[%clk 0:51:18]} f5 {[%clk 0:29:24]} 17. Bd3 {[%clk 0:51:28]} Qd4
{[%clk 0:26:19]} 18. Re2 {[%clk 0:51:35]} a5 {[%clk 0:23:05]} 19. Rhe1
{[%clk 0:49:39]} a4 {[%clk 0:22:59]} 20. Qf2 {[%clk 0:46:16]} Qxf2
{[%clk 0:19:52]} 21. Nxf2 {[%clk 0:46:37]} fxe4 {[%clk 0:19:22]} 22. Bxe4
{[%clk 0:46:21]} d5 {[%clk 0:15:14]} 23. Bd3 {[%clk 0:46:23]} Bg7
{[%clk 0:14:49]} 24. Nh3 {[%clk 0:43:02]} a3 {[%clk 0:12:41]} 25. Ng5
{[%clk 0:42:33]} Re7 {[%clk 0:11:39]} 26. b3 {[%clk 0:40:44]} Bc3
{[%clk 0:11:43]} 27. Rf1 {[%clk 0:40:53]} Kd7 {[%clk 0:07:55]} 28. f5
{[%clk 0:40:28]} exf5 {[%clk 0:08:08]} 29. Bxf5+ {[%clk 0:38:55]} Kd6
{[%clk 0:08:10]} 30. Rxe7 {[%clk 0:31:18]} Kxe7 {[%clk 0:08:36]} 31. Nxf7
{[%clk 0:30:50]} Rg8 {[%clk 0:03:33]} 32. Rf2 {[%clk 0:20:40]} Rf8
{[%clk 0:03:46]} 33. Bg6 {[%clk 0:06:33]} Be8 {[%clk 0:04:00]} 34. Re2+
{[%clk 0:06:06]} Kf6 {[%clk 0:04:20]} 35. Bxh5 {[%clk 0:03:35]} Bxf7
{[%clk 0:04:41]} 36. Bf3 {[%clk 0:02:49]} Rh8 {[%clk 0:03:45]} 37. h3
{[%clk 0:01:51]} Be6 {[%clk 0:03:12]} 38. Kc1 {[%clk 0:01:28]} Rh4
{[%clk 0:03:32]} 39. Rf2 {[%clk 0:01:05]} Ke5 {[%clk 0:03:47]} 40. Be2
{[%clk 0:31:12]} Re4 {[%clk 0:32:47]} 41. Kd1 {[%clk 0:28:29]} Re3
{[%clk 0:27:32]} 42. Kc1 {[%clk 0:26:23]} Be1 {[%clk 0:25:16]} 0-1

[Event "World Chess Olympiad 2018"]
[Site "Batumi"]
[Date "2018.09.27"]
[Round "4"]
[Board "1"]
[WhiteFideId "11503017"]
[White "Miqdad Fadi"]
[BlackFideId "12200085"]
[Black "Nadir Samir"]
[Result "1/2-1/2"]
[LiveChessVersion "1.4.8"]
[BlackElo "2170"]
[WhiteElo "1964"]

1. d4 {[%clk 1:30:48]} d5 {[%clk 1:30:19]} 2. Bf4 {[%clk 1:30:45]} Nf6
{[%clk 1:30:34]} 3. e3 {[%clk 1:30:50]} e6 {[%clk 1:30:43]} 4. Nf3
{[%clk 1:30:25]} Bd6 {[%clk 1:31:04]} 5. Bg3 {[%clk 1:30:29]} c5 {[%clk 1:31:28]}
6. c3 {[%clk 1:30:31]} Qc7 {[%clk 1:31:50]} 7. Nbd2 {[%clk 1:29:48]} Nbd7
{[%clk 1:32:10]} 8. Bd3 {[%clk 1:29:07]} b6 {[%clk 1:27:57]} 9. Qe2
{[%clk 1:25:54]} Bb7 {[%clk 1:23:31]} 10. e4 {[%clk 1:24:04]} Bxg3
{[%clk 1:14:31]} 11. hxg3 {[%clk 1:24:22]} cxd4 {[%clk 1:13:59]} 12. Nxd4
{[%clk 1:21:37]} dxe4 {[%clk 1:05:52]} 13. Nxe4 {[%clk 1:21:05]} Nxe4
{[%clk 1:05:49]} 14. Bxe4 {[%clk 1:21:26]} Bxe4 {[%clk 1:05:15]} 15. Qxe4
{[%clk 1:21:47]} Qe5 {[%clk 1:05:24]} 16. Qxe5 {[%clk 1:20:23]} Nxe5
{[%clk 1:05:42]} 17. O-O-O {[%clk 1:19:19]} O-O {[%clk 0:52:30]} 18. Rd2
{[%clk 1:08:32]} Rfd8 {[%clk 0:39:12]} 19. Rhd1 {[%clk 1:07:44]} Ng4
{[%clk 0:31:00]} 20. Nc6 {[%clk 1:04:17]} Rxd2 {[%clk 0:22:54]} 21. Rxd2
{[%clk 1:04:40]} h5 {[%clk 0:23:14]} 22. Kd1 {[%clk 1:04:37]} Kf8
{[%clk 0:19:26]} 23. Ke2 {[%clk 1:02:15]} Ke8 {[%clk 0:18:00]} 24. b4
{[%clk 0:59:03]} Nf6 {[%clk 0:16:17]} 25. c4 {[%clk 0:56:52]} a5 {[%clk 0:12:25]}
26. b5 {[%clk 0:56:00]} Ne4 {[%clk 0:11:48]} 27. Rd4 {[%clk 0:53:14]} Nc5
{[%clk 0:04:53]} 28. f3 {[%clk 0:51:50]} f6 {[%clk 0:03:39]} 29. Rd6
{[%clk 0:50:37]} Kf7 {[%clk 0:02:10]} 30. Nd4 {[%clk 0:50:00]} Rb8
{[%clk 0:01:33]} 31. Nb3 {[%clk 0:43:37]} Na4 {[%clk 0:01:03]} 32. Rd7+
{[%clk 0:39:48]} Kg6 {[%clk 0:01:04]} 33. Kd3 {[%clk 0:36:50]} Rc8
{[%clk 0:00:43]} 34. Rd4 {[%clk 0:09:41]} e5 {[%clk 0:00:50]} 35. Re4
{[%clk 0:07:17]} Kf5 {[%clk 0:00:55]} 36. Kc2 {[%clk 0:01:55]} Rc7
{[%clk 0:01:05]} 37. Nd2 {[%clk 0:01:29]} Rd7 {[%clk 0:01:06]} 38. Nb3
{[%clk 0:01:06]} Rc7 {[%clk 0:01:08]} 39. Nd2 {[%clk 0:01:23]} Nc5
{[%clk 0:01:06]} 40. Re3 {[%clk 0:31:11]} Ne6 {[%clk 0:31:16]} 41. Rc3
{[%clk 0:26:12]} Nc5 {[%clk 0:12:32]} 42. Re3 {[%clk 0:22:18]} Ne6
{[%clk 0:08:38]} 43. Rc3 {[%clk 0:21:40]} g5 {[%clk 0:06:49]} 44. Ne4
{[%clk 0:21:08]} Nd4+ {[%clk 0:06:10]} 45. Kd3 {[%clk 0:19:34]} g4
{[%clk 0:05:33]} 46. Ke3 {[%clk 0:13:58]} Ke6 {[%clk 0:04:25]} 47. c5
{[%clk 0:09:26]} Nxb5 {[%clk 0:00:53]} 48. Rb3 {[%clk 0:08:05]} Nd4
{[%clk 0:00:43]} 49. Rxb6+ {[%clk 0:08:29]} Rc6 {[%clk 0:01:00]} 50. f4
{[%clk 0:05:43]} Nf5+ {[%clk 0:00:43]} 51. Kf2 {[%clk 0:05:39]} Nd4
{[%clk 0:00:53]} 52. Ke3 {[%clk 0:04:36]} Nf5+ {[%clk 0:00:36]} 53. Kf2
{[%clk 0:04:51]} Nd4 {[%clk 0:00:36]} 54. Ke3 {[%clk 0:04:46]} f5
{[%clk 0:00:35]} 55. fxe5 {[%clk 0:04:30]} Kxe5 {[%clk 0:00:42]} 56. Nc3
{[%clk 0:04:32]} Rxc5 {[%clk 0:00:54]} 57. Kd3 {[%clk 0:03:52]} Ne6
{[%clk 0:00:44]} 58. Rb1 {[%clk 0:03:52]} Ng5 {[%clk 0:00:38]} 59. Rh1
{[%clk 0:03:31]} Ne4 {[%clk 0:00:44]} 60. Ne2 {[%clk 0:03:00]} Rd5+
{[%clk 0:00:48]} 61. Ke3 {[%clk 0:02:06]} Rd2 {[%clk 0:01:00]} 62. Ra1
{[%clk 0:01:28]} Rc2 {[%clk 0:00:40]} 63. a3 {[%clk 0:00:38]} Rb2
{[%clk 0:00:37]} 64. Rd1 {[%clk 0:00:33]} Rb3+ {[%clk 0:00:36]} 65. Rd3
{[%clk 0:00:53]} a4 {[%clk 0:00:45]} 66. Rxb3 {[%clk 0:00:37]} axb3
{[%clk 0:01:13]} 67. Kd3 {[%clk 0:00:41]} h4 {[%clk 0:00:34]} 68. gxh4
{[%clk 0:00:52]} f4 {[%clk 0:00:50]} 69. Ng1 {[%clk 0:00:45]} Kd5
{[%clk 0:00:34]} 70. h5 {[%clk 0:00:54]} b2 {[%clk 0:00:32]} 71. Kc2
{[%clk 0:01:06]} Kd4 {[%clk 0:00:37]} 72. h6 {[%clk 0:01:21]} Ng5
{[%clk 0:00:48]} 73. a4 {[%clk 0:01:39]} Kc4 {[%clk 0:00:35]} 74. Kxb2
{[%clk 0:01:53]} Kb4 {[%clk 0:01:04]} 75. a5 {[%clk 0:01:55]} Kxa5
{[%clk 0:01:32]} 76. Kc3 {[%clk 0:02:17]} Kb5 {[%clk 0:01:06]} 77. Kd4
{[%clk 0:02:34]} f3 {[%clk 0:01:15]} 78. gxf3 {[%clk 0:02:24]} gxf3
{[%clk 0:01:35]} 79. Nxf3 {[%clk 0:02:37]} Nxf3+ {[%clk 0:01:56]} 80. Ke4
{[%clk 0:03:02]} Ng5+ {[%clk 0:02:01]} 81. Kf5 {[%clk 0:03:25]} Nh7
{[%clk 0:02:13]} 82. Kg6 {[%clk 0:03:46]} Nf8+ {[%clk 0:02:23]} 83. Kg7
{[%clk 0:04:03]} Ne6+ {[%clk 0:02:31]} 84. Kf7 {[%clk 0:04:00]} Ng5+
{[%clk 0:02:35]} 1/2-1/2

[Event "World Chess Olympiad 2018"]
[Site "Batumi"]
[Date "2018.09.27"]
[Round "4"]
[Board "2"]
[WhiteFideId "12202576"]
[White "Abdelazeez Mohamed Abdalla"]
[BlackFideId "11502398"]
[Black "Wazwaz Amjad"]
[Result "1-0"]
[LiveChessVersion "1.4.8"]
[BlackElo "1986"]
[WhiteElo "2183"]

1. d4 {[%clk 1:30:27]} Nf6 {[%clk 1:30:55]} 2. Nf3 {[%clk 1:30:50]} g6
{[%clk 1:31:21]} 3. c4 {[%clk 1:31:13]} Bg7 {[%clk 1:31:44]} 4. Nc3
{[%clk 1:31:34]} d6 {[%clk 1:32:02]} 5. Bg5 {[%clk 1:31:58]} a6 {[%clk 1:32:11]}
6. e3 {[%clk 1:32:20]} O-O {[%clk 1:31:39]} 7. Be2 {[%clk 1:32:44]} Nc6
{[%clk 1:31:51]} 8. O-O {[%clk 1:32:17]} Bd7 {[%clk 1:32:02]} 9. a3
{[%clk 1:31:35]} e5 {[%clk 1:32:00]} 10. dxe5 {[%clk 1:31:16]} dxe5
{[%clk 1:32:18]} 11. Nd5 {[%clk 1:31:34]} Be6 {[%clk 1:31:37]} 12. e4
{[%clk 1:29:29]} Re8 {[%clk 1:31:14]} 13. Qc2 {[%clk 1:22:56]} Bxd5
{[%clk 1:28:11]} 14. cxd5 {[%clk 1:22:16]} Na7 {[%clk 1:28:28]} 15. Rfd1
{[%clk 1:22:20]} Qd6 {[%clk 1:27:31]} 16. Rac1 {[%clk 1:22:33]} Re7
{[%clk 1:27:01]} 17. Be3 {[%clk 1:22:21]} b6 {[%clk 1:26:53]} 18. Bxa6
{[%clk 1:21:23]} Ng4 {[%clk 1:25:44]} 19. Bd2 {[%clk 1:20:28]} Bh6
{[%clk 1:15:11]} 20. Bb4 {[%clk 1:19:10]} Qd7 {[%clk 1:14:12]} 21. Bxe7
{[%clk 1:19:27]} Bxc1 {[%clk 1:14:30]} 22. Rxc1 {[%clk 1:19:49]} Qxe7
{[%clk 1:10:42]} 23. Qxc7 {[%clk 1:20:09]} Qf8 {[%clk 1:05:56]} 24. h3
{[%clk 1:20:12]} Nf6 {[%clk 1:05:32]} 25. Qxe5 {[%clk 1:07:04]} Nd7
{[%clk 1:05:36]} 26. Qf4 {[%clk 1:06:43]} Nc5 {[%clk 1:05:25]} 27. Bf1
{[%clk 1:06:50]} Nc8 {[%clk 1:04:19]} 28. b4 {[%clk 1:06:59]} Nb3
{[%clk 1:03:13]} 29. Rc7 {[%clk 1:07:14]} Nd6 {[%clk 0:59:17]} 30. Rd7
{[%clk 1:07:09]} Nc8 {[%clk 0:58:03]} 31. Ng5 {[%clk 1:07:13]} Ra7
{[%clk 0:55:58]} 32. Rxa7 {[%clk 1:06:56]} Nxa7 {[%clk 0:56:23]} 33. Qc7
{[%clk 1:07:15]} Nc8 {[%clk 0:56:29]} 34. Qc3 {[%clk 1:07:36]} 1-0

[Event "World Chess Olympiad 2018"]
[Site "Batumi"]
[Date "2018.09.27"]
[Round "4"]
[Board "3"]
[WhiteFideId "11501731"]
[White "Allam Mohamed"]
[BlackFideId "12202606"]
[Black "Mohamed Faisal"]
[Result "1/2-1/2"]
[LiveChessVersion "1.4.8"]
[BlackElo "2127"]
[WhiteElo "1948"]

1. e4 {[%clk 1:30:34]} c5 {[%clk 1:30:40]} 2. Nf3 {[%clk 1:30:46]} Nc6
{[%clk 1:30:52]} 3. c3 {[%clk 1:31:06]} Nf6 {[%clk 1:30:56]} 4. e5
{[%clk 1:31:28]} Nd5 {[%clk 1:31:17]} 5. Bc4 {[%clk 1:31:50]} Nb6
{[%clk 1:29:03]} 6. Bb3 {[%clk 1:32:09]} c4 {[%clk 1:28:57]} 7. Bc2
{[%clk 1:32:36]} d6 {[%clk 1:23:04]} 8. Qe2 {[%clk 1:24:32]} Bg4 {[%clk 1:19:07]}
9. exd6 {[%clk 1:17:06]} Qxd6 {[%clk 1:17:51]} 10. a4 {[%clk 1:17:22]} Rc8
{[%clk 1:07:23]} 11. a5 {[%clk 1:14:36]} Nd5 {[%clk 1:06:48]} 12. d4
{[%clk 1:05:24]} cxd3 {[%clk 1:05:31]} 13. Qxd3 {[%clk 1:02:53]} g6
{[%clk 0:45:10]} 14. a6 {[%clk 0:48:41]} b6 {[%clk 0:38:17]} 15. Qc4
{[%clk 0:43:43]} Be6 {[%clk 0:28:43]} 16. Qh4 {[%clk 0:39:20]} Ne5
{[%clk 0:17:49]} 17. Nbd2 {[%clk 0:37:36]} Bg7 {[%clk 0:15:00]} 18. O-O
{[%clk 0:35:57]} O-O {[%clk 0:12:54]} 19. Ng5 {[%clk 0:26:07]} h5
{[%clk 0:10:40]} 20. Nde4 {[%clk 0:25:09]} Qc6 {[%clk 0:10:15]} 21. Rd1
{[%clk 0:16:47]} Rcd8 {[%clk 0:09:01]} 22. Nxe6 {[%clk 0:14:17]} Qxe6
{[%clk 0:08:30]} 23. Ng3 {[%clk 0:12:39]} Qg4 {[%clk 0:03:48]} 24. Qxg4
{[%clk 0:10:14]} Nxg4 {[%clk 0:04:06]} 25. h3 {[%clk 0:09:56]} Ngf6
{[%clk 0:04:20]} 26. Bg5 {[%clk 0:08:37]} Nc7 {[%clk 0:04:25]} 27. Kf1
{[%clk 0:07:27]} Rxd1+ {[%clk 0:04:08]} 28. Rxd1 {[%clk 0:07:29]} Rb8
{[%clk 0:01:55]} 29. Bxf6 {[%clk 0:06:27]} Bxf6 {[%clk 0:02:18]} 30. Rd7
{[%clk 0:06:20]} Nxa6 {[%clk 0:01:47]} 31. Ne4 {[%clk 0:06:10]} Kg7
{[%clk 0:01:45]} 32. Rxa7 {[%clk 0:05:28]} Nc5 {[%clk 0:02:10]} 33. Ke2
{[%clk 0:05:37]} Nxe4 {[%clk 0:02:22]} 34. Bxe4 {[%clk 0:06:02]} b5
{[%clk 0:02:37]} 35. Rb7 {[%clk 0:06:04]} Rxb7 {[%clk 0:03:03]} 36. Bxb7
{[%clk 0:06:28]} b4 {[%clk 0:02:26]} 37. cxb4 {[%clk 0:06:41]} Bxb2
{[%clk 0:02:54]} 38. Kd3 {[%clk 0:06:28]} Kf6 {[%clk 0:03:07]} 39. Ke4
{[%clk 0:06:38]} e6 {[%clk 0:03:09]} 40. b5 {[%clk 0:35:29]} Ke7 {[%clk 0:33:20]}
41. f4 {[%clk 0:35:31]} Kd6 {[%clk 0:27:35]} 42. Bc6 {[%clk 0:35:46]} Bc3
{[%clk 0:25:02]} 1/2-1/2

[Event "World Chess Olympiad 2018"]
[Site "Batumi"]
[Date "2018.09.27"]
[Round "4"]
[Board "4"]
[WhiteFideId "12200174"]
[White "Khalid El Amin"]
[BlackFideId "3400085"]
[Black "Michel Yunis Christian D."]
[Result "0-1"]
[LiveChessVersion "1.4.8"]
[BlackElo "2233"]
[WhiteElo "2054"]

1. Nf3 d5 2. e3 Nf6 3. c4 c6 4. b3 Bf5 5. Bb2 e6 6. Be2 h6 7. O-O Nbd7 8. Nc3 Bd6
9. cxd5 exd5 10. d4 O-O 11. Rc1 Qe7 12. Bd3 Bxd3 13. Qxd3 Ne4 14. Ne2 Rae8 15.
Ng3 f5 16. a3 a6 17. b4 Kh8 18. a4 Bxb4 19. Ne5 Nxe5 20. dxe5 Nc5 21. Qc2 g6 22.
f4 Ne6 23. Ne2 c5 24. Rfd1 Rd8 25. g4 c4 26. gxf5 gxf5 27. Ng3 Qf7 28. Qg2 Bc5
29. Qf3 Kh7 30. Kh1 b5 31. axb5 axb5 32. Nh5 Be7 33. Rg1 b4 34. Bd4 Rg8 35. Qh3
Nxd4 36. exd4 Qe6 37. Ra1 Rg4 38. Ra7 Rd7 39. Rga1 b3 40. Rxd7 Qxd7 41. Ra6 Rg6
42. e6 Qb7 43. Qxf5 b2 44. Qf7+ Kh8 45. Ra8+ Qxa8 46. Qxg6 Qf8 47. Qc2 Qb8 48.
Qb1 c3 0-1